Rozpoznávacie schopnosti neurónových sietí

Salvato in:
Dettagli Bibliografici
Autore principale: Nošík, Daniel (Autore)
Altri autori: Oravec, Miloš (Relatore della tesi)
Natura: Manoscritto Libro
Lingua:slovacco
Pubblicazione: Bratislava : STU v Bratislave FEI, 2024
Soggetti:
Accesso online:https://opac.crzp.sk/?fn=detailBiblioFormChildINKG2&sid=53EEEDF946F250FB498C2EA3B71B&seo=CRZP-detail-kniha
Tags: Aggiungi Tag
Nessun Tag, puoi essere il primo ad aggiungerne!!

MARC

LEADER 00000ntm a22000003a 4500
001 stuzp98283
003 SK-STU
005 20250513130615.7
007 ta
008 150427s2015----xo-----f-mn---000-0-slo-d
040 |a STU  |b slo 
041 0 |a slo 
044 |a xo 
100 1 |a Nošík, Daniel  |u 035000  |4 aut  |U FEI Fakulta elektrotechniky a informatiky  |T FEI Ústav informatiky a matematiky  |X 97890  |U E050  |Y 816  |7 97890 
242 0 1 |a Recognition capabilities of neural networks  |y eng 
245 1 0 |a Rozpoznávacie schopnosti neurónových sietí 
260 |a Bratislava :  |b STU v Bratislave FEI,  |c 2024 
300 |a 95 s. 
650 4 |a adverzariálne obrany  |2 slo 
650 4 |a klasifikácia obrazu  |2 slo 
650 4 |a adverzariálne útoky  |2 slo 
650 4 |a konvolučné neurónové siete  |2 slo 
650 4 |a adversarial attacks  |2 eng 
650 4 |a convolutional neural networks  |2 eng 
650 4 |a adversarial defenses  |2 eng 
650 4 |a image classification  |2 eng 
700 1 |a Oravec, Miloš  |u 035000  |k Z1  |4 ths  |U FEI Fakulta elektrotechniky a informatiky  |T FEI Ústav informatiky a matematiky  |X 2036  |U E050  |Y 816  |7 A000002036 
856 4 |u https://opac.crzp.sk/?fn=detailBiblioFormChildINKG2&sid=53EEEDF946F250FB498C2EA3B71B&seo=CRZP-detail-kniha